000 002530000a22000970004500
100 1 _aCabrera Leiva, Guillermo
245 1 0 _aEl hombre como criatura de Dios
300 _aVol. 1, Núm 3 (1989), Páginas 28
773 0 _tImpacto Presbiteriano
942 _cANA
999 _c50830
_d50830